| 000 | 00533nam a22001577a 4500 | ||
|---|---|---|---|
| 999 |
_c9418 _d9418 |
||
| 008 | 210410b ||||| |||| 00| 0 eng d | ||
| 040 | _aBMS College of Architecture | ||
| 100 | _aRajeshwari, M V | ||
| 245 | _aGuidelines for pedestrian cyclist and physically disabled movement in BMA | ||
| 300 | _ax.105p. | ||
| 500 | _a1BM05AHD07 | ||
| 502 |
_8M.Arch (Habitat Design) _NBMS College of Architecture, Visvesvaraya Technological University _aDissertation _d2007 |
||
| 650 | _aNA | ||
| 700 |
_aSatish S Rao _eGuide |
||
| 942 |
_2ddc _cPGTHE |
||